[Event "2025 Gufeld Cup"]
[Site "Perth AUS"]
[Date "2025.04.21"]
[Round "6.5"]
[White "Sethuraman,Jaswanth Ram"]
[Black "De Vas,Yonal"]
[Result "0-1"]
[BlackElo "1814"]
[BlackFideId "3235963"]
[EventDate "2025.04.20"]
[PlyCount "0"]
[WhiteElo "1529"]
[WhiteFideId "3245250"]

1. e4 c5 2. Nf3 Nc6 3. d4 cxd4 4. Nxd4 g6 5. Nc3 Bg7 6. Be3 Nf6 7. Qd2 O-O 8.
Nxc6 bxc6 9. Be2 d5 10. O-O-O Bb7 11. exd5 cxd5 12. Bf3 e6 13. Bh6 Rc8 14. Bxg7
Kxg7 15. h4 h5 16. Rh3 Qc7 17. Rg3 Rfd8 18. Nb5 Qc4 19. Nc3 d4 20. Bxb7 dxc3
21. Qxc3 Qxa2 22. Rxd8 Rxd8 23. Qa3 Qc4 24. Rd3 Rxd3 25. Qxd3 Qxh4 26. g3 Qh2
27. Qf1 h4 28. gxh4 Qxh4 29. c4 Qf4+ 30. Kb1 Nd7 31. Qe2 Nc5 32. Bf3 Nb3 33.
Bb7 Nd2+ 34. Ka1 Nxc4 35. Qc2 Nb6 36. Qc3+ Kg8 37. Qe1 Qa4+ 38. Kb1 Qb3 39. Bg2
Nc4 40. Qe2 Na3+ 41. Ka1 Nc2+ 42. Kb1 Nb4 43. Qe5 Qc2+ 44. Ka1 Qc1#  0-1

[Event "2025 Gufeld Cup"]
[Site "Perth AUS"]
[Date "2025.04.21"]
[Round "6.6"]
[White "Gunawan,Tjermin"]
[Black "Donaldson,Gary"]
[Result "1-0"]
[BlackElo "1686"]
[BlackFideId "3218570"]
[EventDate "2025.04.20"]
[PlyCount "0"]
[WhiteElo "1809"]
[WhiteFideId "3239110"]

1. d4 d5 2. Nf3 Nf6 3. g3 Bf5 4. Bg2 e6 5. c4 c6 6. Nc3 Be7 7. Qb3 Qb6 8. c5
Qxb3 9. axb3 O-O 10. b4 Nbd7 11. b5 Ne4 12. bxc6 bxc6 13. Bf4 Nxc3 14. bxc3 Be4
15. Ra6 Rfc8 16. O-O Bxf3 17. Bxf3 f6 18. Rfa1 e5 19. Bd2 Rc7 20. e4 Nb8 21.
R6a4 Rd7 22. Bg4 Rc7 23. exd5 cxd5 24. Be6+ Kf8 25. Bxd5 Nc6 26. Bxc6 Rxc6 27.
Rxa7 Rxa7 28. Rxa7 Rc8 29. Be3 f5 30. Ra6 g5 31. f4 exf4 32. gxf4 g4 33. Kg2
Kg7 34. h3 h5 35. c6 Kf7 36. d5 Bd6 37. c4 Rb8 38. Ra7+ Ke8 39. Rb7 Ra8 40. Ba7
Kd8 41. Rh7 Bf8 42. hxg4 hxg4 43. Kg3 Rc8 44. Rf7 Ke8 45. Rxf5 Rc7 46. Bb6 Rc8
47. Kxg4 Be7 48. Rh5 Kf7 49. c5 Rg8+ 50. Kf3 Kf6 51. d6 Kg6 52. Rh1  1-0

[Event "2025 Gufeld Cup"]
[Site "Perth AUS"]
[Date "2025.04.21"]
[Round "6.7"]
[White "De Vas,Senudi"]
[Black "Pope,Andrew"]
[Result "0-1"]
[BlackElo "1800"]
[BlackFideId "0"]
[EventDate "2025.04.20"]
[PlyCount "0"]
[WhiteElo "1245"]
[WhiteFideId "3250580"]

1. d4 Nf6 2. c4 e6 3. Nc3 c5 4. d5 d6 5. Bg5 Be7 6. e4 Nxd5 7. Bxe7 Nxe7 8. Nb5
d5 9. exd5 exd5 10. cxd5 Nxd5 11. Bc4 Be6 $4 {  A tactic is missed!}  12. Nf3 (
12. Bxd5 Bxd5 13. Qxd5 Qxd5 14. Nc7+ )12... O-O 13. O-O Nc6 14. Re1 a6 15. Bxd5
Bxd5 16. Nc3 Be6 17. Qxd8 Raxd8 18. Ng5 Bg4 19. h3 Bh5 20. Na4 Rfe8 21. Rxe8+
Rxe8 22. Nf3 Bxf3 23. gxf3 c4 24. Nb6 Ne5 25. Kg2 Re6 26. Na4 Rg6+ 27. Kh1 Nxf3
28. Rc1 h6 29. Nc5 b5 30. Ne4 Re6 31. Nc3 Ne5 32. Re1 Nd3 33. Rxe6 fxe6 34. Nd1
Kf7 35. Kg2 b4 36. Kf3 e5 37. Ke3 Ke6 38. b3 cxb3 39. axb3 Nc5  0-1

[Event "2025 Gufeld Cup"]
[Site "Perth AUS"]
[Date "2025.04.21"]
[Round "6.8"]
[White "Le,Quang Minh"]
[Black "Malik,Aidan"]
[Result "0-1"]
[BlackElo "1129"]
[BlackFideId "365104803"]
[EventDate "2025.04.20"]
[PlyCount "0"]
[WhiteElo "1500"]
[WhiteFideId "0"]

1. e4 e6 2. d4 d5 3. exd5 exd5 4. c3 Bd6 5. Nf3 Nf6 6. Bd3 Bg4 7. h3 Bh5 8. O-O
O-O 9. Be3 Nbd7 10. Nbd2 c6 11. Qc2 Re8 12. Rfe1 Qc7 13. Re2 h6 14. g4 Bg6 15.
Bxg6 fxg6 16. Qxg6 Nf8 17. Qc2 Qd7 18. Nh4 $2 ( 18. Qf5 {  The sac on g4 needs
to be avoided.} )18... Nxg4 19. Qf5 Nxe3 20. fxe3 Qe7 21. Qg4 Qg5 22. Qxg5 hxg5
23. Nhf3 Ne6 24. Rae1 Re7 25. Kg2 Rae8 26. Kf2 Kh7 27. c4 Rh8 28. a3 Kg6 29.
Kg2 Kf5 30. c5 Bc7 31. Nf1 Rhe8 32. Kf2 b6 33. cxb6 Bxb6 34. Ng3+ Kf6 35. Ne5
g6 36. Nxc6 Rh7 37. Kg2 Bc7 38. Nxa7 $4 ( 38. Rf1+ {  Before going for the
pawn.} )38... Bxg3 39. Kxg3 Rxa7 40. Rf2+ Kg7 41. Rc1 Rb8 42. Rc6 Re7 43. Kg4
Rb3 44. Rc3 Rb8 45. Rfc2 Rh8 46. Rc8 Rh4+ 47. Kg3 Re4 48. Kf2 Rf7+ 49. Ke2
Nxd4+ 50. Kd3 Nxc2 51. Rxc2 Rfe7 52. Rc5 Rxe3+ 53. Kd2 Rxh3 54. Rxd5 Rh2+ 55.
Kc3 Re3+ 56. Kc4 Rc2+ 57. Kb5 Rxb2+ 58. Kc4 Rxa3 59. Rxg5 Rf3 60. Ra5 Rb6 61.
Ra7+ Kf6 62. Ra8 Rf5 63. Rf8+ Ke5 64. Re8+ Re6 65. Rd8 g5 66. Rd5+ Kf4 67. Rd1
Re3 68. Rf1+ Rf3 69. Rd1 g4 70. Rd4+ Kg3 71. Rd1 Kh2 72. Rd2+ Rf2 73. Rd8 g3
74. Rh8+ Kg1 75. Rg8 g2 76. Kd4 Kf1 77. Ke4 g1=Q 78. Rxg1+ Kxg1 79. Kd4 {  No
one ever won by resigning. See McAteer-Huang on board 3.}  79... Re2 80. Kd3
Re8 81. Kd4 Rf1 82. Kd5 Rd1+ 83. Kc6 Rc8+ 84. Kb7 Rc2 85. Kb6 Rb1+ 86. Ka5 Ra2#
 0-1

[Event "2025 Gufeld Cup"]
[Site "Perth AUS"]
[Date "2025.04.21"]
[Round "6.9"]
[White "Palanti,Krishiv"]
[Black "Ting,Ian"]
[Result "0-1"]
[BlackElo "1200"]
[BlackFideId "0"]
[EventDate "2025.04.20"]
[PlyCount "0"]
[WhiteElo "1350"]
[WhiteFideId "0"]

1. d4 Nf6 2. Bf4 d5 3. c3 e6 4. e3 c5 5. Nf3 Nc6 6. Bb5 Bd7 7. Bxc6 Bxc6 8. Ne5
Qb6 9. Qc2 Bd6 10. Nxf7 Bxf4 11. Nxh8 Bd6 12. Na3 Ke7 13. Ng6+ hxg6 14. Qxg6
Rg8 15. Rb1 Qa6 16. b3 Qxa3 17. Ra1 c4 18. O-O a6 19. Rfb1 Qa5 20. b4 Qd8 21.
a4 b5 22. axb5 axb5 23. Ra2 Ne4 24. Rba1 Nxc3 25. Ra7+ Bc7 26. Qg5+ Kd7 27. Qg6
Qf6 28. Qh7 Rf8 29. f3 Na4 30. e4 Qxd4+ 31. Kf1 Qxa1+ 32. Kf2 Qd4+  0-1